000
00320nam a22001217a 4500
999
_c
9609
_d
9609
003
OSt
008
201210b ||||| |||| 00| 0 eng d
245
_a
Seminar
250
_a
2008(July, Aug, Sep) 2007(Oct) 2008(Oct, Dec)
260
_a
New Delhi
_b
AFL Pvt. Ltd.(Malvika Singh)
650
_a
Applied Science
942
_2
ddc
_c
BV